000 00682nam a2200289Ia 4500
005 20260324142015.0
008 008 260324s9999 xx 000 0 eng d
020 _a9780429502026
037 _aEBOOK
040 _aCRL
040 _beng
040 _cCRL
041 _2eng
041 _aeng
084 _qCRL
100 _aRonald M. Schneider
_91175513
245 0 _aBrazil
245 0 _bCulture And Politics In A New Industrial Powerhouse
260 _bTaylor and Francis
260 _c1996
365 _a
365 _b230
856 _uhttp://www.taylorfrancis.com/books/9780429502026
942 _cEBOOK
999 _c1814041
_d1814041